Pays sans les premières subdivisions les plus peuplées - Statistiques

Statistiques générales
  • Ce quiz a été pris 48 fois
  • Le résultat moyen est 13 sur 16
Statistiques - réponses
Par images Réponse % Correct
Chine
100%
États-Unis
100%
Australie
96%
France
96%
Japon
96%
Maroc
91%
Afrique du Sud
85%
Brésil
83%
Italie
83%
Belgique
80%
Cuba
78%
Suède
74%
Pérou
63%
Royaume-Uni
59%
Portugal
52%
Iran
28%
Aucun quiz correspondant
Distribution des résultats
% des personnes avec chaque résultat
Percentile par nombre de réponses
Votre historique - résultats
Vous n’avez pas pris ce quiz